| 000 | 005950000a22002050004500 | ||
|---|---|---|---|
| 003 | LK-CoMWRAF | ||
| 005 | 20231127102640.0 | ||
| 008 | 230817t2001 ||||| |||| 00| 0 eng d | ||
| 020 | _a1853395331 | ||
| 040 |
_aLK-CoMWRAF _dLK-CoMWRAF _eLK-CoMWRAF |
||
| 041 | _aeng | ||
| 082 |
_a361.74 _bWIL |
||
| 100 | _aWilson, Elizabeth Westman | ||
| 245 | _aBuilding credibility, the foundation for fundraising | ||
| 260 |
_aLondon: _bITDG publishing, _c2001 |
||
| 300 |
_axvii,182 p. _bBibliography and index included |
||
| 490 |
_aFundraising close to home _v1 |
||
| 650 | _aFUNDRAISING | ||
| 942 | _cBK | ||
| 999 |
_c405 _d405 |
||